Statistics for 1988 Songs. Name the Band

Click here to take the quiz!

General Stats

  • This quiz has been taken 51 times
  • The average score is 8 of 20

Answer Stats

SongsAnswer% Correct
Every Rose Has It's ThornPoison
74%
Fast CarTracy Chapman
68%
Get Outta My Dreams, Get Into My CarBilly Ocean
66%
Straight UpPaula Abdul
57%
My PrerogativeBobby Brown
53%
I Hate Myself for Loving YouJoan Jett and the Blackhearts
51%
Cult of PersonalityLiving Colour
47%
Forever YoungRod Stewart
47%
Tell It To My HeartTaylor Dayne
45%
FatWeird Al Yankovic
38%
Roll With ItSteve Winwood
36%
The FlameCheap Trick
34%
Kiss Me DeadlyLita Ford
34%
Just Like ParadiseDavid Lee Roth
30%
Finish What Ya StartedVan Halen
30%
Operation MindcrimeQueensryche
23%
Can I Play with MadnessIron Maiden
21%
Alphabet St.Prince
19%
Ship of FoolsRobert Plant
19%
Rhythm of LoveScorpions
11%

Score Distribution

Percentile by Number Answered

Percent of People with Each Score

Your Score History

You have not taken this quiz